000 00949nam2a2200253 4500
001 RU\NLR\bibl\833127
005 20250614142341.0
010 _a5-87901-090-2
_9500
021 _aRU
_b2005-37238
_91853
035 _a(NLR Aleph) 000821985
090 _a1306989
_c1306989
100 _a20050822d2005 |||y0rusy50 ca
101 0 _arus
102 _aRU
105 _aa |||||||||
200 0 _aТ. 2
210 _d2005
_aБ. м.
215 _a631,[2] с.
_cил.
461 0 _1001RU\NLR\bibl\864055
_12001#$aКнига памяти$vТ. 2
_91490276
_cКудымкар
_d2005
_fредкол.: пред. В. В. Рычков и др.]
_nКоми-Пермяцкое книжное изд-во
_oРоссийская Федерация, Коми-Пермяцкий автономный округ : [в 2 т.
_tКнига памяти
_vТ. 2
801 0 _aRU
_bNLR
_c20050822
_grcr
801 1 _aRU
_bNLR
_c20050822
942 _cBOOK
980 _aNB